<?xml version="1.0" encoding="UTF-8"?>
<record
    xmlns:xsi="http://www.w3.org/2001/XMLSchema-instance"
    xsi:schemaLocation="http://www.loc.gov/MARC21/slim http://www.loc.gov/standards/marcxml/schema/MARC21slim.xsd"
    xmlns="http://www.loc.gov/MARC21/slim">

  <leader>00504nam a2200133Ia 4500</leader>
  <controlfield tag="008">200909s9999    xx            000 0 und d</controlfield>
  <datafield tag="020" ind1=" " ind2=" ">
    <subfield code="a">978-621-04-0096-0</subfield>
  </datafield>
  <datafield tag="100" ind1=" " ind2=" ">
    <subfield code="a">Pawilen, Greg Tabios</subfield>
  </datafield>
  <datafield tag="245" ind1=" " ind2=" ">
    <subfield code="c">Pawilen, Greg Tabios, Ericson M. Reyes, John Amiel A. Rivera, Trixie Marie J. Sison</subfield>
    <subfield code="a">Field study 1:</subfield>
    <subfield code="b">a guide for 21st century student teachers/</subfield>
  </datafield>
  <datafield tag="260" ind1=" " ind2=" ">
    <subfield code="a">Quezon City:</subfield>
    <subfield code="b">REX Bookstore</subfield>
    <subfield code="c">2019</subfield>
  </datafield>
  <datafield tag="300" ind1=" " ind2=" ">
    <subfield code="a">vi, 199 pages</subfield>
    <subfield code="c">25 cm.</subfield>
  </datafield>
  <datafield tag="650" ind1=" " ind2=" ">
    <subfield code="a">Curriculum planning</subfield>
  </datafield>
  <datafield tag="650" ind1=" " ind2=" ">
    <subfield code="a">Education -- curricula</subfield>
  </datafield>
  <datafield tag="999" ind1=" " ind2=" ">
    <subfield code="c">364162</subfield>
    <subfield code="d">364162</subfield>
  </datafield>
  <datafield tag="952" ind1=" " ind2=" ">
    <subfield code="0">0</subfield>
    <subfield code="1">0</subfield>
    <subfield code="4">0</subfield>
    <subfield code="a">CL</subfield>
    <subfield code="b">CL</subfield>
    <subfield code="c">FIL</subfield>
    <subfield code="d">2020-09-09</subfield>
    <subfield code="e">Library fund</subfield>
    <subfield code="l">1</subfield>
    <subfield code="m">1</subfield>
    <subfield code="o">PR 6069 .P339 2019</subfield>
    <subfield code="p">C22341</subfield>
    <subfield code="r">2022-07-05 00:00:00</subfield>
    <subfield code="s">2021-07-22</subfield>
    <subfield code="w">2020-09-09</subfield>
    <subfield code="y">BK</subfield>
  </datafield>
</record>
